[Event "Tula schev"]
[Site "Tula"]
[Date "2007.07.27"]
[Round "10"]
[White "Gulinina, Nadezhda"]
[Black "Sahnenko, Ivan"]
[Result "1-0"]
[WhiteElo "1902"]
[BlackElo "2171"]
[PlyCount "57"]
[EventDate "2007.07.16"]
[EventType "schev"]
[EventRounds "10"]
[EventCountry "RUS"]
[SourceTitle "EXT 2009"]
[Source "ChessBase"]
[SourceDate "2008.11.26"]
[SourceVersion "1"]
[SourceVersionDate "2008.11.26"]
[SourceQuality "1"]

1. e4 Nf6 2. e5 Nd5 3. d4 d6 4. Nf3 Bg4 5. h3 Bxf3 6. Qxf3 dxe5 7. dxe5 e6 8. Nc3 Nd7 9. Nxd5 Nxe5 10. Nxc7+ Qxc7 11. Bb5+ Nd7 12. 0-0 Bd6 13. Rd1 0-0-0 14. Be3 Ne5 15. Qe2 Kb8 16. a4 Ng6 17. a5 Nf4 18. Qf3 Nd5 19. Bd3 Bh2+ 20. Kh1 Bf4 21. Bxf4 Qxf4 22. Qe2 Rd6 23. Be4 Rhd8 24. Bf3 Nb4 25. Rxd6 Qxd6 26. Qb5 Nd5 27. Rd1 a6 28. Qb3 Kc7 29. c4 1-0

[Event "Tula schev"]
[Site "Tula"]
[Date "2007.07.24"]
[Round "7"]
[White "Sahnenko, Ivan"]
[Black "Kosolapov, Petr"]
[Result "1-0"]
[WhiteElo "2171"]
[BlackElo "1994"]
[PlyCount "83"]
[EventDate "2007.07.16"]
[EventType "schev"]
[EventRounds "10"]
[EventCountry "RUS"]
[SourceTitle "EXT 2009"]
[Source "ChessBase"]
[SourceDate "2008.11.26"]
[SourceVersion "1"]
[SourceVersionDate "2008.11.26"]
[SourceQuality "1"]

1. d4 Nf6 2. Nf3 g6 3. b3 Bg7 4. e3 0-0 5. Be2 d6 6. Bb2 Nc6 7. 0-0 Re8 8. c4 Bf5 9. Nc3 e5 10. d5 Nb8 11. Nh4 Bc8 12. Qc2 e4 13. g3 Bh3 14. Rfe1 Nfd7 15. Rab1 g5 16. Ng2 f5 17. Nb5 Ne5 18. Nd4 Qe7 19. Red1 Qf7 20. Ne6 Bf6 21. Bxe5 dxe5 22. c5 Na6 23. b4 Bxg2 24. Kxg2 g4 25. b5 Nb8 26. Bc4 Kh8 27. c6 b6 28. d6 cxd6 29. Rxd6 Be7 30. Ng5 Qf8 31. Nf7+ Kg7 32. Rd2 Bc5 33. c7 Qe7 34. cxb8Q Raxb8 35. Rbd1 Rb7 36. Nd8 Rxd8 37. Rxd8 Kf6 38. Qd2 Rc7 39. Rd7 Rxd7 40. Qxd7 Qf8 41. Qd8+ Qxd8 42. Rxd8 1-0